000 00945nam a2200277 a 4500
001 BRCA_8067
005 20190320210122.0
008 020414s--------nyua###f##---#001-0#eng-#
041 _aeng
044 _anyu
050 4 _aN620
_b.C38 5
245 1 0 _aGreat old master prints & drawings
_b1500-1800. Catalogue 42.
260 _aNueva York
_bWilliam H. Schab Gallery
300 _a152 p.
_bil., (algunas a color)
_c29 cm.
500 _aY90
500 _aVer también CEF58, CEF59, DD38, CEF78 e Y91
500 _aIncluye índice alfabético
500 _aCatálogo de subasta inventariado por Banco de México como libro
650 1 4 _aArtes decorativas
_vCatálogos
_914086
650 1 4 _aArte
_vSubastas
_919017
650 1 4 _aArte
_vColeccionistas y colecciones
_zEstados Unidos
_918674
650 1 4 _aGalerías y museos
_zEstados Unidos
_97437
710 2 _aGalería William H. Schab (Nueva York)
_912965
902 _aGFM
942 _2lcc
_cB
999 _c7735
_d7735